00761nam a22002057a 450000500170000000800410001702000150005804000120007304100080008508200150009310000210010824500990012926000640022830000380029250400550033065000430038565000590042865000510048770000170053820141120121048.0141119b2003 bo Il. |r|||| 00| 0 spa d a9990566305 cCO-BoIH aspa a599 bC96m1 aCuéllar, Erika aMamíferos del Chaco y de la Chiquitania de Santa Cruz, BoliviacErika, Cuéllar... (et al.) aBolivia :bWildlife,bWildlife Conservation Society,c2003. a202 pag.bFot., il., tab.c22 cm. aIncluye referencias bibliográficas (pag 189-202) aMamíferoszSanta Cruz (Dpt. Bolivia) aMamíferosxClasificaciónzSanta Cruz (Dpt.Bolivia) aHabitat (ecología)zSanta Cruz (Dpt.Bolivia) aNoss, Andrew